| 000 | 00486nam a22001575i 4500 | ||
|---|---|---|---|
| 001 | 155161 | ||
| 003 | ES-MaACL | ||
| 005 | 20230906205959.0 | ||
| 008 | 040726s1881 fr |||| | fre d | ||
| 040 |
_aCAM _bspa _cCAM |
||
| 100 | 1 |
_aHayem, Armand. _9127823 |
|
| 245 | 1 | 2 |
_aL'être social / _cpar Armand Hayem. |
| 260 |
_aParis : _blibrairie Germer Baillière et Cie., _c1881 ( _eÉvreux : _fCh. Hérissey) |
||
| 300 |
_aXIV, 214 p. ; _c19 cm. |
||
| 852 |
_aES-MaACL _jD-4681 _z-- Rúst. |
||
| 999 |
_c155161 _d155161 |
||